Statystyki dla niemiec 2

Kliknij tutaj aby rozwiązać quiz!

Ogólne statystyki

  • Ten quiz został rozwiązany 26 razy
  • Średni wynik to 9 z 32

Statystyki odpowiedzi

HintOdpowiedź% Poprawnych
Okodas Auge
60%
Włosydas Haar
60%
Rekader Arm
60%
Brzuchder Bauch
60%
Głowader Kopf
60%
Dłońdie Hand
60%
Nosdie Nase
60%
Nogadas Bein
40%
Twarzdas Gesicht
40%
Stopader FuB
40%
Szyjader Hals
40%
Skóradie Haut
40%
Wargadie Lippe
40%
Uchodas Ohr
20%
Ciałoder Korper
20%
Żołądekder Magen
20%
Ustader Mund
20%
Plecyder Rucken
20%
Boli Mnie ...Der ... tut mir weh / ich habe ...schmerzen
20%
wziac cukierek na kaszeleinen hustenbonbon nehmen
20%
byc przeziebionymerkallet sein
20%
miec goraczkeFieber haben
20%
miec kaszelHusten haben
20%
lezec w lozkuim belt liegen
20%
nie miec apetytukeinen appetit haben
20%
miec katarschnupfen haben
20%
Pójść do lekarzazum Artz gehen
20%
chcialbym sie umowic do doktora xich hatte gern einen termin frau doktor x
0%
przyjsc do gabinetu lekarskiegoin die artzpraxis kommen
0%
jest mi niedobrzemir ist ubel
0%
miec nadwageubergewicht haben
0%
isc do dentystyzum zahnart gehen
0%

Rozkład punktacji

Percentyl według liczby udzielonych odpowiedzi

Procent ludzi z każdym wynikiem

Twoja historia wyników

Nie rozwiązałeś tego quizu